000 00337nam a2200097Ia 4500
008 220204s9999 xx 000 0 und d
082 _a364:631.96(047)
_bREP
245 0 _aReport of the special committee appointed by the board of rehabilitation for making an appraisal etc
260 _aIndia
_bMinistry of Rehabilitation
_c1968
942 _cBK
999 _c23576
_d23576